| LEADER 00000nam 2200000uu 4500 |
| 001 209141 |
| 003 ULIBM |
| 008 131031s2553||||th 000 0 tha d |
| 020 ^a9786161102128
|
| 041 0 ^atha
|
| 060 4 ^aWM274 ค695 2553
|
| 245 00 ^aคู่มือสำหรับผู้อบรมการดูแลผู้มีปัญหาการดื่มสุราเบื้องต้นสำหรับบุคลากรสุขภาพ./^bพันธุ์นภา กิตติรัตนไพบูลย์,บรรณาธิการ
|
| 250 ^aพิมพ์ครั้งที่ 1
|
| 260 ^aเชียงใหม่ : ^bแผนงานการพัฒนาระบบ รูปแบบ และวิธีการบำบัดรักษาผู้มีปัญหาการบริโภคสุราแบบบูรณาการ (ผรส.),^c2553
|
| 300 ^a326 หน้า : ^bภาพประกอบสี ;^c35 ซม.
|
| 650 4 ^aคนติดสุรา ^xการดูแล ^xหลักสูตร
|
| 650 4 ^aคนติดสุรา ^xการดูแล ^xการอบรม
|
| 650 4 ^aการดื่มเครื่องดื่มที่มีแอลกอออล์ ^xการป้องกันและควบคุม
|
| 700 0 ^aพันธุ์นภา กิตติรัตนไพบูลย์,บรรณาธิการ
|
| 710 2 ^aแผนงานการพัฒนาระบบ รูปแบบ และวิธีการบำบัดรักษาผู้มีปัญหาการบริโภคสุราแบบบูรณาการ (ผรส.)
|
| 999 ^aใช้งานได้ทุกระบบ
|